صحبت مر شد کا مل (Record no. 140738)

MARC details
000 -LEADER
fixed length control field 00912nam a22002897a 4500
005 - DATE AND TIME OF LATEST TRANSACTION
control field 20170605143732.0
008 - FIXED-LENGTH DATA ELEMENTS--GENERAL INFORMATION
fixed length control field 170605b xxu||||| |||| 00| 0 Urdu d
010 ## - LCCN (DPL NO)
LC control number A-842611
020 ## - INTERNATIONAL STANDARD BOOK NUMBER
Terms of availability -
035 ## - SYSTEM CONTROL NUMBER
System control number A-842611
037 ## - SOURCE OF ACQUISITION
Source of stock number/acquisition Cen Lib/Ret
040 ## - CATALOGING SOURCE
Original cataloging agency DPL
Language of cataloging UR
082 ## - DEWEY DECIMAL CLASSIFICATION NUMBER
Classification number 239.1
100 ## - MAIN ENTRY--PERSONAL NAME
Personal name جو لیں پی جا نسن
9 (RLIN) 136743
245 ## - TITLE STATEMENT
Title صحبت مر شد کا مل
Statement of responsibility, etc جو لیں پی جا نسن
246 ## - VARYING FORM OF TITLE
Title proper/short title Sohbat-e-Murshid Kamil
Remainder of title by Joolin P.Johnson
260 ## - PUBLICATION, DISTRIBUTION, ETC. (IMPRINT)
Place of publication, distribution, etc Punjab
Name of publisher, distributor, etc S.L.Sondhi
Date of publication, distribution, etc 1982
270 ## - ADDRESS
Address Radha Sawami Satsung Beyas
City Amritsir
300 ## - PHYSICAL DESCRIPTION
Extent 258p.:
Dimensions 21cm(Hb)
500 ## - GENERAL NOTE
General note اشاریہ اور ضمیمہ بھی شامل
650 ## - SUBJECT ADDED ENTRY--TOPICAL TERM
Topical term or geographic name as entry element مذہب
Form subdivision
9 (RLIN) 136744
650 ## - SUBJECT ADDED ENTRY--TOPICAL TERM
Topical term or geographic name as entry element اسلام
9 (RLIN) 136745
650 ## - SUBJECT ADDED ENTRY--TOPICAL TERM
Topical term or geographic name as entry element Religion
9 (RLIN) 136746
650 ## - SUBJECT ADDED ENTRY--TOPICAL TERM
Topical term or geographic name as entry element Islam
9 (RLIN) 5289
700 ## - ADDED ENTRY--PERSONAL NAME
Personal name محمد هادی حسین
9 (RLIN) 136747
942 ## - ADDED ENTRY ELEMENTS (KOHA)
Source of classification or shelving scheme Dewey Decimal Classification
Item type Urdu Bks
Classification part 239.1
Call number suffix ج ا ن
Holdings
Withdrawn status Lost status Source of classification or shelving scheme Damaged status Not for loan Collection code Home library Current library Date acquired Source of acquisition Cost, normal purchase price Total Checkouts Full call number Barcode Date last seen Copy number Cost, replacement price Koha item type
    Dewey Decimal Classification     Non-fiction Central Library Central Library 05/06/2017 BPPD 0.00   239.1 ج ا ن A-842611 05/06/2017 1 0.00 Urdu Bks

© Delhi Public Library
Hit Counter
free hit counter